000
00334nam a22001457a 4500
008
230707b ||||| |||| 00| 0 eng d
020
_a
9781111571740
041
_a
eng
080
_2
10E
_a
004
082
_a
004
100
_a
18
101
_a
SHKI
245
_a
CENTURY 21 DIGITAL INFORMATION MANAGEMENT
_c
HOGGATT
942
_2
udc
_c
BK
999
_c
60136
_d
60136